=LDR 00000nam 2200000 4500 =001 INLIS000000000040181 =005 20130612145746 =008 ***********************************Ind** =035 ##$$0010-061300000040181 =041 ##$$a Ind =082 ##$$a 796.334 =090 ##$$a 796.334, Naj b.2 =100 ##$$a Nadjid,Emha Ainun =245 ##$$a Bola-bola kultural, Emha Ainun Nadjid =260 ##$$a Prima Pustaka $b Yogyakarta =300 ##$$a 153 hlm20 cm =850 ##$$a NBPNMAT